Southville International School and Colleges
Your cart is empty.
  • Cart
  • Lists
    Public lists Eva Luna New books Lux_list list_1
    Your lists Log in to create your own lists
  • Log in to your account
  • Your cookies
  • Search history
Southville International School and Colleges
  • Advanced search
  • Recent comments
  • Most popular
  • Libraries

Log in to your account

Log in with GOOGLE


If you do not have an external account, but do have a local account, you can still log in:

  1. Home
  2. MARC view: The legend of the bluebonnet :
Normal view MARC view ISBD view

The legend of the bluebonnet : (Record no. 358273)

[ view plain ]
MARC details
000 -LEADER
fixed length control field 00702nam a2200289Ia 4500
008 - FIXED-LENGTH DATA ELEMENTS--GENERAL INFORMATION
fixed length control field 180803s9999 xx 000 0 und d
020 ## - INTERNATIONAL STANDARD BOOK NUMBER
International Standard Book Number 0590426036
050 ## - LIBRARY OF CONGRESS CALL NUMBER
Item number D419 1983
100 ## - MAIN ENTRY--PERSONAL NAME
Personal name dePaola, Tomie
245 #4 - TITLE STATEMENT
Title The legend of the bluebonnet :
245 #3 - TITLE STATEMENT
Remainder of title an old tale of texas /
245 #0 - TITLE STATEMENT
Statement of responsibility, etc by Tomie de Paola.
260 ## - PUBLICATION, DISTRIBUTION, ETC. (IMPRINT)
Place of publication, distribution, etc Broadway, New York :
260 ## - PUBLICATION, DISTRIBUTION, ETC. (IMPRINT)
Name of publisher, distributor, etc Scholastic,
260 ## - PUBLICATION, DISTRIBUTION, ETC. (IMPRINT)
Date of publication, distribution, etc 1983
300 ## - PHYSICAL DESCRIPTION
Extent unpaged :
300 ## - PHYSICAL DESCRIPTION
Other physical details colored ;
300 ## - PHYSICAL DESCRIPTION
Dimensions 25cm.
500 ## - GENERAL NOTE
General note 740
650 ## - SUBJECT ADDED ENTRY--TOPICAL TERM
Topical term or geographic name as entry element Indians of North America --
650 ## - SUBJECT ADDED ENTRY--TOPICAL TERM
Topical term or geographic name as entry element Nature --
650 ## - SUBJECT ADDED ENTRY--TOPICAL TERM
Topical term or geographic name as entry element Teaching --
650 ## - SUBJECT ADDED ENTRY--TOPICAL TERM
General subdivision Aids and devices.
650 ## - SUBJECT ADDED ENTRY--TOPICAL TERM
General subdivision Folklore.
650 ## - SUBJECT ADDED ENTRY--TOPICAL TERM
General subdivision Folklore.
700 ## - ADDED ENTRY--PERSONAL NAME
Personal name Title.
Holdings
Withdrawn status Lost status Damaged status Home library Current library Shelving location Date acquired Cost, normal purchase price Total Checkouts Full call number Barcode Date last seen Price effective from Koha item type
      Stonyhurst Southville International School (Malarayat) Stonyhurst Southville International School (Malarayat)   08/03/2018 0.00   LEX D419 1983 SSISM5551 08/03/2018 08/03/2018 Lexile

The legend of the bluebonnet :

APA

dePaola T., Title, .The legend of the bluebonnet. Broadway, New York: .

Chicago

dePaola Tomie, Title, .The legend of the bluebonnet. Broadway, New York: .

Harvard

dePaola T., Title, .The legend of the bluebonnet. Broadway, New York: .

MLA

dePaola Tomie, Title, .Broadway, New York: . .

  • Place hold
  • Print
  • Cite
  • Add to your cart (remove)
  • Save record
    BIBTEX Dublin Core MARCXML MARC (non-Unicode/MARC-8) MARC (Unicode/UTF-8) MARC (Unicode/UTF-8, Standard) MODS (XML) RIS
  • More searches
    Search for this title in:
    Other Libraries (WorldCat) Other Databases (Google Scholar) Online Stores (Bookfinder.com) Open Library (openlibrary.org)

Exporting to Dublin Core...

SOUTHVILLE LIBRARY

Southville International School and Colleges Library

1281 Tropical Ave. Cor. Luxembourg St., BF Homes International, Las Pinas City

Tel. No. 8256374 / 252358 Loc. 117/146

Powered by Koha